Comparison of Corporate Social Responsibility Performance of International Companies in Selected Sectors

Daná štúdia využíva zmiešaný výskumný prístup, ktorý integruje kvantitatívne údaje získané z prieskumu s kvalitatívnymi poznatkami získanými prostredníctvom hĺbkových rozhovorov s manažérmi. Primárnym cieľom výskumu je porovnávacia analýza dvoch odvetví: logistiky a informačných technológií s osobit...

Ausführliche Beschreibung

Gespeichert in:
Bibliographische Detailangaben
1. Verfasser: Donovalová, Alena, 1986-
Weitere Verfasser: Khúlová, Lucia, 1984-
Format: Buchkapitel
Sprache:Englisch
Schlagworte:
Tags: Tag hinzufügen
Keine Tags, Fügen Sie das erste Tag hinzu!

MARC

LEADER 00000naa$a2200000$$$4500
001 0311337
005 20250630130255.2
041 0 |a eng 
044 |a SK 
245 1 0 |a Comparison of Corporate Social Responsibility Performance of International Companies in Selected Sectors  |c Alena Donovalová, Lucia Khúlová 
520 |a Daná štúdia využíva zmiešaný výskumný prístup, ktorý integruje kvantitatívne údaje získané z prieskumu s kvalitatívnymi poznatkami získanými prostredníctvom hĺbkových rozhovorov s manažérmi. Primárnym cieľom výskumu je porovnávacia analýza dvoch odvetví: logistiky a informačných technológií s osobitným zameraním na ich prístup k spoločenskej zodpovednosti firiem. 
610 2 0 |a zodpovednosť podniku spoločenská 
610 2 0 |a výkonnosť podniku 
610 2 0 |a udržateľnosť 
610 2 0 |a kódexy etické 
610 2 0 |a porovnanie medzipodnikové 
100 1 |a Donovalová, Alena, 1986- 
700 1 |a Khúlová, Lucia, 1984-